Rozvoj a využitie bioanalytických a fyzikálnochemických metód v chemickej karcinogenéze. Časť A-za r.1989-1990, Časť B-za r.1986-1990 /

Salvato in:
Dettagli Bibliografici
Autore principale: Miertuš, Stanislav (Autore)
Natura: Libro
Pubblicazione: Bratislava : SVŠT v Bratislave, 1990
Tags: Aggiungi Tag
Nessun Tag, puoi essere il primo ad aggiungerne!!

MARC

LEADER 00000nam a22000003a 4500
001 stu16865
005 20150617225754.3
008 ------s1990----cs----------------------d
040 |a STU  |b slo 
041 0
044 |a cs 
080 |a 616-006+543.001.5 
100 1 |a Miertuš, Stanislav  |4 aut 
245 1 |a Rozvoj a využitie bioanalytických a fyzikálnochemických metód v chemickej karcinogenéze. Časť A-za r.1989-1990, Časť B-za r.1986-1990 /  |c [aut.]Miertuš,Stanislav 
260 |a Bratislava :  |b SVŠT v Bratislave,  |c 1990 
300 |a 166 s :  |b Tab.,grafy,lit 
996 |b CVS154  |c C*VS154  |l CCI  |s A  |a 24  |w stu16865_0001